| 000 | 00327nam a22001097a 4500 | ||
|---|---|---|---|
| 008 | 140314b xxu||||| |||| 00| 0 eng d | ||
| 050 | _aBR118.l65 1972 | ||
| 100 |
_aBernard J. F. Lonergan S.J. _99072 |
||
| 245 |
_aMethod in Theology _cBernard J. F. Lonergan S.J. |
||
| 260 |
_aGreat Britain _bThe Pitman Press _c1972 |
||
| 999 |
_c120198 _d120198 |
||